000 00395nam a2200145 i 4500
001 bg
100 1 _aKUCZYŃSKI, Eugeniusz
245 0 _aOpracowanie wyników doświadczeń :
_b(skrypt dla mechaników) /
_cEugeniusz Kuczyński.
250 _aWyd.2 popr. i rozszerz.
260 _aWarszawa,
_c1971.
040 _cBPK
041 _apol
942 _cKS
008 s pl f |000 0 pol
999 _c7335
_d7335
856 _uhttp://koha.tu.koszalin.pl/cgi-bin/koha/opac-detail.pl?biblionumber=7335
_yKatalog online BPK